ACM 97 : the next 50 years of computing
Ομιλητές του συνεδρίου της ACM κοινοποιούν τις απόψεις τους για την εξέλιξη της τεχνολογίας τα επόμενα 50 χρόνια.
Αποθηκεύτηκε σε:
| Συγγραφή απο Οργανισμό/Αρχή: | |
|---|---|
| Μορφή: | |
| Γλώσσα: | English |
| Δημοσίευση: |
[S.l.] :
ACM,
[1997]
|
| Θέματα: | |
| Ετικέτες: |
Προσθήκη ετικέτας
Δεν υπάρχουν, Καταχωρήστε ετικέτα πρώτοι!
|
MARC
| LEADER | 00000 gm a2200000 i 4500 | ||
|---|---|---|---|
| 001 | 1/50529 | ||
| 008 | 140702s1997 eng d | ||
| 035 | |l 10118177 | ||
| 040 | |a GR-MY-UA |b gre |e aacr | ||
| 041 | 0 | |a eng | |
| 082 | 0 | |a 004 |2 (22) | |
| 245 | 1 | 0 | |a ACM 97 : |h [μαγνητοσκόπηση] |b the next 50 years of computing |
| 260 | |a [S.l.] : |b ACM, |c [1997] | ||
| 300 | |a 6 βιντεοκασέτες (616 λεπτ.); |b ομίλ., έγχρ.; |c 1/2 ίν. | ||
| 500 | |a VHS | ||
| 511 | |a Ομιλητές, James Burke, Gordon Bell, Carver Mead, Joel Birnbaum, Pattie Maes, Nathan Myhrvold, Bran Ferren, William Perry, Fernando Flores, Vint Cerf, Brenda Laurel, Maurice Wilkes, Elliot Soloway, Reed Hundt, Bruce Sterling, Raj Reddy, Murray Gell-Mann, James Burke | ||
| 520 | |a Ομιλητές του συνεδρίου της ACM κοινοποιούν τις απόψεις τους για την εξέλιξη της τεχνολογίας τα επόμενα 50 χρόνια. | ||
| 650 | 0 | 0 | |a Computers |x Congresses. |
| 650 | 0 | 0 | |a Electronic data processing |x Congresses. |
| 710 | 2 | |a Association for Computing Machinery. | |
| 852 | |a INST |b SYROS |c AV |e 20140702 |h 004 ACM |p 005500011519 |q 005500011519 |t VC |y 23 |z vc.1 | ||
| 852 | |a INST |b SYROS |c AV |e 20140702 |h 004 ACM |p 005500011520 |q 005500011520 |t VC |y 23 |z vc.2 | ||
| 852 | |a INST |b SYROS |c AV |e 20140702 |h 004 ACM |p 005500011521 |q 005500011521 |t VC |y 23 |z vc.3 | ||
| 852 | |a INST |b SYROS |c AV |e 20140702 |h 004 ACM |p 005500011522 |q 005500011522 |t VC |y 23 |z vc.4 | ||
| 852 | |a INST |b SYROS |c AV |e 20140702 |h 004 ACM |p 005500011523 |q 005500011523 |t VC |y 23 |z vc.5 | ||
| 852 | |a INST |b SYROS |c AV |e 20140702 |h 004 ACM |p 005500011524 |q 005500011524 |t VC |y 23 |z vc.6 | ||
| 852 | |a INST |b SYROS |c AV |e 20140702 |h 004 ACM |p 005500011519 |q 005500011519 |t VC |v vc.1: |y 23 |z vc.1 | ||
| 852 | |a INST |b SYROS |c AV |e 20140702 |h 004 ACM |p 005500011520 |q 005500011520 |t VC |v vc.2: |y 23 |z vc.2 | ||
| 852 | |a INST |b SYROS |c AV |e 20140702 |h 004 ACM |p 005500011521 |q 005500011521 |t VC |v vc.3: |y 23 |z vc.3 | ||
| 852 | |a INST |b SYROS |c AV |e 20140702 |h 004 ACM |p 005500011522 |q 005500011522 |t VC |v vc.4: |y 23 |z vc.4 | ||
| 852 | |a INST |b SYROS |c AV |e 20140702 |h 004 ACM |p 005500011523 |q 005500011523 |t VC |v vc.5: |y 23 |z vc.5 | ||
| 852 | |a INST |b SYROS |c AV |e 20140702 |h 004 ACM |p 005500011524 |q 005500011524 |t VC |v vc.6: |y 23 |z vc.6 | ||
| 853 | |a INST |b SYROS |c AV |h 004 ACM | ||
| 901 | |a BIBL5-2008-1 | ||
| 909 | |a Ε |b 129522 | ||
| 909 | |a Ε |b 129521 | ||
| 909 | |a Ε |b 129520 | ||
| 909 | |a Ε |b 129519 | ||
| 909 | |a Ε |b 129518 | ||
| 909 | |a Ε |b 129517 | ||
| 920 | |a ΑΝΑΜΟΡΦΩΣΗ |b ΕΠΕΑΚΕ ΙΙ-ΤΜΣΠΣ |y ΣΥΡΟΣ |z 2006-06 | ||
| 970 | |a ΚΟΝΤΟΥ |b ΠΑΡΑΣΚΕΥΗ |z 2014/07/02 | ||